书目信息 |
| 题名: |
大型三维GIS平台技术及实践
|
|
| 作者: | 吴信才 主编 | |
| 分册: | ||
| 出版信息: | 北京 电子工业出版社 2013.11 |
|
| 页数: | 198页 | |
| 开本: | 26cm | |
| 丛书名: | MapGIS开发系列丛书 | |
| 单 册: | ||
| 中图分类: | P208.2 | |
| 科图分类: | ||
| 主题词: | 互联网络--地理信息系统 , 互联网络 , 地理信息系统 | |
| 电子资源: | ||
| ISBN: | 978-7-121-21729-6 | |
| 000 | 01191oam2 2200289 450 | |
| 001 | 0120131180919 | |
| 005 | 20140611153331.20 | |
| 010 | @a978-7-121-21729-6@dCNY39.00 | |
| 100 | @a20131216d2013 em y0chiy0110 ea | |
| 101 | 0 | @achi |
| 102 | @aCN@b110000 | |
| 105 | @aa z 000yy | |
| 106 | @ar | |
| 200 | 1 | @a大型三维GIS平台技术及实践@9da xing san wei GIS ping tai ji shu ji shi jian@f吴信才主编 |
| 210 | @a北京@c电子工业出版社@d2013.11 | |
| 215 | @a198页@c图@d26cm | |
| 225 | 2 | @aMapGIS开发系列丛书 |
| 330 | @a本书以国家863项目“面向网络海量空间信息的大型GIS”研究成果为核心,凝结作者多年实施各类3D GIS等重大应用集成项目经验,系统地阐述了大型三维GIS平台开发与应用过程中相关的技术,详细地介绍了三维GIS数据管理、三维GIS模型构建、三维GIS可视化、三维GIS空间分析、三维GIS平台构建等内容,并结合MapGIS三维开发平台——MapGIS—TDE介绍了三维GIS二次开发体系、三维GIS平台应用实践等内容。 | |
| 333 | @aGIS平台技术研究人员 | |
| 461 | 0 | @12001 @aMapGIS开发系列丛书 |
| 606 | 0 | @a互联网络@x地理信息系统 |
| 606 | 0 | @a互联网络 |
| 606 | 0 | @a地理信息系统 |
| 690 | @aP208.2@v5 | |
| 701 | 0 | @a吴信才@9wu xin cai@4主编 |
| 801 | 0 | @aCN@b人天书店@c20131216 |
| 905 | @b549605-07@dP208.2@e221@f3 | |
| 大型三维GIS平台技术及实践/吴信才主编.-北京:电子工业出版社,2013.11 |
| 198页:图;26cm.-(MapGIS开发系列丛书) |
| 使用对象:GIS平台技术研究人员 |
| ISBN 978-7-121-21729-6:CNY39.00 |
| 本书以国家863项目“面向网络海量空间信息的大型GIS”研究成果为核心,凝结作者多年实施各类3D GIS等重大应用集成项目经验,系统地阐述了大型三维GIS平台开发与应用过程中相关的技术,详细地介绍了三维GIS数据管理、三维GIS模型构建、三维GIS可视化、三维GIS空间分析、三维GIS平台构建等内容,并结合MapGIS三维开发平台——MapGIS—TDE介绍了三维GIS二次开发体系、三维GIS平台应用实践等内容。 |
| ● |
| 相关链接 |
|
|
|
|
正题名:大型三维GIS平台技术及实践
索取号:P208.2/221
 
预约/预借
| 序号 | 登录号 | 条形码 | 馆藏地/架位号 | 状态 | 备注 |
| 1 | 549605 | 205496051 | 第二样本阅览室/ [索取号:P208.2/221] | 在馆 | |
| 2 | 549606 | 205496060 | 第三借阅区/ [索取号:P208.2/221] | 在馆 | |
| 3 | 549607 | 205496079 | 第三借阅区/ [索取号:P208.2/221] | 在馆 |